Statistics for Country Pairs sharing less % of its borders

Click here to take the quiz!

General Stats

  • This quiz has been taken 634 times
  • The average score is 28 of 40

Answer Stats

Score2 % of 11 % of 2Country 1% Correct
Russia
93%
1,720,34%1,37%China
91%
10,092,36%7,72%China
91%
1,210,24%0,96%France
88%
0,210,05%0,15%Spain
88%
Spain
88%
United Kingdom
88%
1,230,09%1,14%North Korea
86%
1,420,53%0,89%Morocco
83%
Afghanistan
80%
Afghanistan
80%
3,460,67%2,79%Iran
78%
Pakistan
77%
0,830,34%0,49%Turkey
77%
Armenia
74%
Laos
74%
4,682,20%2,48%Uzbekistan
74%
Azerbaijan
73%
7,523,65%3,87%Republic of the Congo
71%
7,833,28%4,55%Myanmar
70%
8,624,00%4,62%Myanmar
70%
Netherlands
69%
Bangladesh
68%
Angola
66%
Zambia
66%
10,034,11%5,92%Zambia
66%
Namibia
64%
0,01<0,01%<0,01%Botswana
62%
Slovakia
62%
Slovakia
62%
8,452,08%6,36%Ukraine
62%
6,952,21%4,74%Ukraine
62%
Hungary
61%
9,523,55%5,97%Austria
60%
5,422,53%2,89%Chile
58%
Nigeria
58%
3,611,46%2,15%Chad
57%
Peru
57%
5,141,14%4,00%Croatia
45%
Montenegro
44%

Score Distribution

Percentile by Number Answered

Percent of People with Each Score

Your Score History

You have not taken this quiz